• 首页
  • 本馆介绍
  • 公告通知
  • 最新文献
  • 馆藏检索
  • 电子资源
  • 读者导购
  • 参考咨询
  • 我的图书馆
  • 登录
  • 期刊详细显示
  • 现刊情况显示
  • 合订本情况显示
  • 篇目信息显示

期刊信息

  • 表格格式
  • 工作单格式
  • 卡片格式
索取号 
D50/SGSH
题名 
三个世界与各国政治概况
作者 
本刊编辑部编
分册号 
分册名 
出版地 
北京
出版者 
标准刊号 
出版频率 
月刊
中图法分类 
D50
主题词 
国际政治
电子资源 
000 00510nas0 2200181 45
001 0732886687
005 20070422091111.42
100    @a20070422d km y0chiy0120 ea
101 0  @achi
102    @aCN@b110000
200 1  @a三个世界与各国政治概况@ASan Ge Shi Jie Yu Ge Guo Zheng Zhi Gai Kuang@f本刊编辑部编@FBen Kan Bian Ji Bu Bian
210    @a北京
326    @a月刊
606 0  @a国际政治
690    @aD50@v4
711 02 @a本刊编辑部@ABen Kan Bian Ji Bu@4编
801  0 @aCN@bPFT@c20070422
905    @aTJWY@dD50@eSGSH
    
    三个世界与各国政治概况/本刊编辑部编.-北京
    
    
    
    
    
●
相关链接: 在易读查询期刊 在中国知网中查询期刊 在万方数据查询期刊 在维普查询期刊
唐山师范学院图书馆 欢迎您!
大连网信软件有限公司© 版权所有